Cryptic Clues: E (Clickable Version) Quiz Stats

Quiz not verified by Sporcle

Score 0/20 Timer 10:00
0 Plays Today
% Correct
Edmund Hillary
86.5%
equestrianism
79.2%
Estonians
79.2%
eureka
79.2%
eat
76%
elder
76%
echidna
75%
Everybody's Got Something to Hide Except Me and My Monkey
75%
egomania
71.9%
encase
71.9%
% Correct
eccentric
70.8%
Eleven plus
70.8%
emcee
70.8%
energy
70.8%
ergo
69.8%
edit
68.8%
enhance
65.6%
entertainment
65.6%
epic
65.6%
excommunicators
63.5%

You're not logged in!

Compare scores with friends on all Sporcle quizzes.
Join for Free
OR
Log In

You Might Also Like...

Show Comments

Extras

Top Quizzes Today


Score Distribution

Your Account Isn't Verified!

In order to create a playlist on Sporcle, you need to verify the email address you used during registration. Go to your Sporcle Settings to finish the process.

Report this User

Report this user for behavior that violates our Community Guidelines.

Details: